Linden Gardens Trust Ltd v Lenesta Sludge Disposals Ltd and others; St Martins Property Corporation Ltd and St Martins Property Investments Ltd v Sir Robert McAlpine & Sons Ltd (Record no. 34817)

MARC details
000 -LEADER
fixed length control field 01262cab a2200253 4500
001 - CONTROL NUMBER
control field ABS46200
008 - FIXED-LENGTH DATA ELEMENTS--GENERAL INFORMATION
fixed length control field 090401t1992 xxu||||| |||| 00| 0 eng d
035 ## - SYSTEM CONTROL NUMBER
System control number (Sirsi) u57138
041 ## - LANGUAGE CODE
Language code of text/sound track or separate title eng
245 ## - TITLE STATEMENT
Title Linden Gardens Trust Ltd v Lenesta Sludge Disposals Ltd and others; St Martins Property Corporation Ltd and St Martins Property Investments Ltd v Sir Robert McAlpine & Sons Ltd
260 ## - PUBLICATION, DISTRIBUTION, ETC.
Date of publication, distribution, etc. 1992
350 ## - PRICE (NR) (BK AM CF MU VM SE) [OBSOLETE]
Price 0
490 ## - SERIES STATEMENT
Series statement Construction Industry Law Letter
Volume/sequential designation (1992) CILL 731-736(6)
520 ## - SUMMARY, ETC.
Summary, etc. CA 13 February 1992. The court had to decide on the construction and effect of the prohibition on assignment. It was held that prohibition on assignment did prevent the benefit of the rights to call for the performance of the contracts from being assignable. However, assignment of benefits and claims for damages under the contracts were allowed, where the cause of action had accrued at the date of the assignment.
650 ## - SUBJECT ADDED ENTRY--TOPICAL TERM
Topical term or geographic name entry element ASSIGNMENT OF BENEFITS
650 ## - SUBJECT ADDED ENTRY--TOPICAL TERM
Topical term or geographic name entry element ASSIGNMENT
650 ## - SUBJECT ADDED ENTRY--TOPICAL TERM
Topical term or geographic name entry element BUILT ENVIRONMENT-BUILDING CONTRACT FORMS
650 ## - SUBJECT ADDED ENTRY--TOPICAL TERM
Topical term or geographic name entry element CONTRACT CLAIMS
650 ## - SUBJECT ADDED ENTRY--TOPICAL TERM
Topical term or geographic name entry element LINDEN GARDENS TRUST V LENESTA SLUDGE DISPOSALS
650 ## - SUBJECT ADDED ENTRY--TOPICAL TERM
Topical term or geographic name entry element PROHIBITION
690 ## - LOCAL SUBJECT ADDED ENTRY--TOPICAL TERM (OCLC, RLIN)
Topical term or geographic name as entry element BUILDING AND CONSTRUCTION-CASE LAW
942 ## - ADDED ENTRY ELEMENTS (KOHA)
Suppress in OPAC 0
948 ## - LOCAL PROCESSING INFORMATION (OCLC); SERIES PART DESIGNATOR (RLIN)
c (OCLC) 04/03/1997
Holdings
Withdrawn status Lost status Source of classification or shelving scheme Damaged status Not for loan Home library Current library Shelving location Date acquired Total Checkouts Full call number Barcode Date last seen Copy number Price effective from Koha item type
    Dewey Decimal Classification     London London Journal article 14/09/1999   ABS46200 57138-1001 06/08/2019 1 06/08/2019 Law report